MARC

LEADER 00000nam0a2200000 4500
001 274785
005 20231101234748.0
035 |a (RuTPU)RU\TPU\book\298014 
090 |a 274785 
100 |a 20141110d1972 k y0rusy50 ca 
101 0 |a rus 
102 |a RU 
105 |a a z 001zy 
200 1 |a Гидрохимический метод в геологии и гидрогеологии  |f А. И. Коротков, А. Н. Павлов 
210 |a Ленинград  |c Недра  |d 1972 
215 |a 184 с.  |c ил. 
320 |a Библиогр.: с. 173-182. 
606 1 |a Полезные ископаемые  |x Поиски и разведка  |x Гидрохимический метод  |2 stltpush  |3 (RuTPU)RU\TPU\subj\50105  |9 68852 
606 1 |a Гидрогеология  |2 stltpush  |3 (RuTPU)RU\TPU\subj\38647  |9 59032 
610 1 |a геология 
610 1 |a геологические исследования 
610 1 |a гидрогеологические исследования 
610 1 |a данные 
610 1 |a интерпретация 
610 1 |a гидрохимические процессы 
610 1 |a геохимические процессы 
610 1 |a гидродинамические задачи 
675 |a 550.845  |v 3 
675 |a 556.3  |v 3 
700 1 |a Коротков  |b А. И.  |g Алексей Иванович 
701 1 |a Павлов  |b А. Н.  |g Александр Николаевич 
801 1 |a RU  |b 63413507  |c 20141110 
801 2 |a RU  |b 63413507  |c 20210209  |g RCR 
942 |c BK